000 00254nam a2200097Ia 4500
001 1204297
005 20250827022725.0
008 250824s9999 xx 000 0 und d
245 0 _aKOCAKAFA NATE BEŞ PARASIZ
_cLİNCOLN PEİRCE
260 _bALTIN KİTAPLAR
999 _c1204297
_d1204297